00483nam a2200145Ia 4500008004100000041000800041082001600049100001700065245004400082260003700126300003300163365000700196999001300203952012100216240624s9999 xx 000 0 und d aeng a658.812 MOO aMOONEY KELLY aTEN DEMANDMENTS RULES TO LIVE BY IN AGE c2003aNew DelhibTata McGrawhill axviii, : 266 : p. : cm. ; 23 cRS c973d973 00144070aIMTNbIMTNcRack 37-Ad2004-10-31eJBDg195.00o658.812 MOOp973r2024-06-24 00:00:00t1w2024-06-24yBK